| 000 | 00879nam a2200253Ia 4500 | ||
|---|---|---|---|
| 003 | OSt | ||
| 005 | 20220927105327.0 | ||
| 006 | a|||||r|||| 00| 0 | ||
| 007 | ta | ||
| 008 | 220926b |||||||| |||| 00| 0 eng d | ||
| 020 | _a9789211127829 | ||
| 024 | _a188765 | ||
| 037 | _cReference Collections | ||
| 040 |
_aRTL _cRTL _beng |
||
| 041 |
_2eng _aeng |
||
| 082 | _a"X:54:(G:55), Q0/UN" | ||
| 110 | _aUNITED NATIONS CONFERENCE ON TRADE AND DEVELOPMENT. | ||
| 245 | 0 |
_aTrade and environment review 2009/2010 _b Promoting poles of clean growth to foster the transition to a more sustainable economy. |
|
| 260 |
_aNew _bYork United Nations _c2010 |
||
| 300 |
_a"xvii, 208p Bibliography chapterwise" _ccm. |
||
| 700 | _aUNITED NATIONS CONFERENCE ON TRADE AND DEVELOPMENT. | ||
| 942 |
_h"X:54:(G:55), Q0/UN" _cCC |
||
| 999 |
_c691860 _d691860 |
||